Managing in the next millennium

保存先:
書誌詳細
第一著者: John, Mike
フォーマット: 図書
言語:Undetermined
出版事項: Oxford Butterworth - Heinemann 1995
主題:
タグ: タグ追加
タグなし, このレコードへの初めてのタグを付けませんか!
Thư viện lưu trữ: Trung tâm Học liệu Trường Đại học Cần Thơ
LEADER 00473nam a2200181Ia 4500
001 CTU_99199
008 210402s9999 xx 000 0 und d
082 |a 658.400905 
082 |b J68 
100 |a John, Mike 
245 0 |a Managing in the next millennium 
245 0 |c Mike John 
260 |a Oxford 
260 |b Butterworth - Heinemann 
260 |c 1995 
650 |a Management 
904 |i Truc, Q. Hieu 
980 |a Trung tâm Học liệu Trường Đại học Cần Thơ